[Event "3rd Kolkata GM Open 2018"]
[Site "Kolkata"]
[Date "2018.05.19"]
[Round "6"]
[White "Burmakin, Vladimir"]
[Black "Gukesh D"]
[Result "1-0"]
[WhiteElo "2528"]
[BlackElo "2426"]
[Annotator "TA"]
[PlyCount "47"]
[EventDate "2018.??.??"]
[EventType "swiss"]
[EventCountry "IND"]
[SourceTitle "playchess.com"]
[Source "ChessBase"]
[SourceQuality "1"]

{[%evp 17,47,-15,-19,-12,-8,-2,-4,0,0,0,0,-8,0,0,0,0,0,0,0,0,8,0,0,0,0,0,478,35,35,-529,612,612]} 1. Nf3 Nf6 2. g3 d5 3. Bg2 g6 4. c4 c6 5. b3 Bg7 6. Bb2 O-O 7. O-O Bg4 8. h3 Bxf3 {A11: English Opening: 1...c6} 9. Bxf3 d4 {LiveBook: 4 Games} (9... e6 10. Qc2 Nbd7 11. d3 Re8 12. e3 a5 13. Nc3 Nb6 14. Rac1 a4 15. Nxa4 Nxa4 16. bxa4 dxc4 17. Qxc4 {1-0 (60) Jones,G (2654)-Martirosyan,H (2516) Minsk 2017}) 10. e3 $146 ({Predecessor:} 10. d3 a5 11. a3 Na6 12. Nd2 e5 13. b4 Qd7 14. Bg2 axb4 15. axb4 Nxb4 16. Ba3 {½-½ (31) Alonso Rosell,A (2552)-Rizouk,A (2531) Catalunya 2013}) 10... e5 {The position is equal.} 11. exd4 exd4 12. d3 a5 13. Bg2 Nfd7 14. Re1 Na6 15. Nd2 Ne5 16. Nf3 $36 {[%mdl 2048] Black is under pressure.} Nxf3+ 17. Qxf3 Qc7 18. Ba3 Nb4 19. Re2 Rfe8 20. Rae1 Rxe2 21. Qxe2 a4 $2 {[%mdl 8192] [#]} (21... Bf8 $11 {and Black stays safe.}) 22. bxa4 $2 (22. Bxb4 $18 axb3 23. axb3) 22... Bf8 $14 23. Qb2 $2 {[%mdl 8192]} (23. Qd2 $14 {keeps the upper hand.} Nc2 24. Qxc2 Bxa3 25. Bf3) 23... Bc5 $4 {[%mdl 8192]} (23... Nxd3 $19 24. Qa1 Nxe1 25. Bxf8 Nxg2) 24. Bxb4 {Precision: White = 32%, Black = 63%.} 1-0

[Event "3rd Kolkata GM Open 2018"]
[Site "Kolkata"]
[Date "2018.05.19"]
[Round "6"]
[White "Narayanan, Srinath"]
[Black "Amonatov, Farrukh"]
[Result "1/2-1/2"]
[WhiteElo "2525"]
[BlackElo "2608"]
[Annotator "TA"]
[PlyCount "60"]
[EventDate "2018.??.??"]
[EventType "swiss"]
[EventCountry "IND"]
[SourceTitle "playchess.com"]
[Source "ChessBase"]
[SourceQuality "1"]

{[%evp 18,60,-2,-7,0,-10,6,-2,8,-23,6,0,0,0,27,0,0,0,13,10,16,0,0,0,0,0,0,-8,0,-27,-24,-31,-25,-27,-14,-15,-13,-15,-31,-30,-15,-15,-15,-15,-15]} 1. e4 c5 2. Nc3 d6 3. f4 Nc6 4. Nf3 g6 5. Bc4 Bg7 6. O-O e6 7. d4 {B23: Closed Sicilian: Lines without g3} cxd4 8. Nb5 Nge7 9. Bb3 O-O 10. Nbxd4 {LiveBook: 4 Games} Na5 (10... Nxd4 11. Nxd4 a6 12. c3 b5 13. Be3 Qc7 14. Qd2 e5 15. fxe5 dxe5 {½-½ (50) Grischuk,A (2767)-Nepomniachtchi,I (2751) Moscow 2018}) 11. Be3 a6 12. c4 b6 13. Qd2 Qc7 14. Rac1 Nxb3 15. axb3 {[#]} Bd7 $146 16. Qf2 Qb7 17. e5 d5 18. Rfd1 Rac8 19. Qh4 Rfe8 20. Ng5 h6 21. Ngf3 dxc4 22. bxc4 Nf5 23. Qf2 Nxe3 24. Qxe3 Red8 25. Nd2 Bc6 26. Nxc6 Qxc6 27. b3 Bf8 {[#] Strongly threatening ...Bc5.} 28. Ne4 Bc5 29. Nxc5 bxc5 30. h3 Qb6 {Precision: White = 57%, Black = 54%.} 1/2-1/2

[Event "3rd Kolkata GM Open 2018"]
[Site "Kolkata"]
[Date "2018.05.19"]
[Round "6"]
[White "Shyam, Sundar M."]
[Black "Srijit Paul"]
[Result "1-0"]
[WhiteElo "2518"]
[BlackElo "2347"]
[Annotator "TA"]
[PlyCount "95"]
[EventDate "2018.??.??"]
[EventType "swiss"]
[EventCountry "IND"]
[SourceTitle "playchess.com"]
[Source "ChessBase"]
[SourceQuality "1"]

{[%evp 9,95,12,25,8,16,10,15,22,43,39,38,31,35,33,60,28,54,39,67,57,65,63,66,72,70,65,90,65,78,66,102,103,95,108,111,81,102,122,119,66,83,70,137,138,123,130,116,130,129,127,182,187,187,185,177,191,235,254,278,298,279,306,317,302,303,306,299,292,336,337,333,350,345,343,453,403,383,288,262,180,398,390,350,350,646,637,29980,29981]} 1. Nf3 f5 2. d3 Nc6 (2... d6 3. e4 e5 4. Nc3 Be7 5. d4 fxe4 6. Nxe4 d5 7. Neg5 exd4 8. Bd3 Qd6 9. Nxd4 c5 10. Nb5 Qe5+ 11. Be3 Na6 12. O-O {1-0 (36) Svidler,P (2751)-Bu,X (2710) Tbilisi 2017}) 3. d4 e6 4. g3 Nf6 5. Bg2 g6 6. O-O $146 {A04: Unusual lines after 1 Nf3 and King's Indian Attack} ({Predecessor:} 6. c4 d6 7. d5 exd5 8. cxd5 Ne5 9. b3 Nxf3+ 10. Bxf3 Nxd5 {1-0 (41) Kantor,G (2518)-Hoang,T (2436) Budapest 2018}) 6... Bg7 7. c4 O-O 8. d5 {The position is equal.} Ne7 {[%cal Re6d5]} 9. dxe6 dxe6 10. Nc3 Qxd1 11. Rxd1 Nc6 12. Be3 a6 13. Rac1 h6 14. Nh4 {[%cal Bf3h4,Bh4g6,Bg6e5,Be5d3,Bd3c5][%mdl 32]} g5 15. Ng6 Re8 $1 16. Bxc6 bxc6 17. Ne5 Bb7 18. f4 $36 {[%mdl 2048] White has some pressure.} gxf4 19. Bxf4 Red8 20. Nd3 Ng4 {And now ...Bd4+ would win.} 21. Nc5 e5 22. Nxb7 Rdb8 23. Bd2 $1 {aiming for Na5.} Rxb7 24. h3 ({White should play} 24. b3 $16) 24... Nf6 $14 25. b3 Rbb8 {[#]} (25... Kh7 $14) 26. Rf1 $1 $16 Nh5 27. Rxf5 Nxg3 28. Rf3 Nh5 29. Ne4 a5 {[#]} (29... Rf8 $16) 30. e3 $1 $18 Rf8 31. Rcf1 {Strongly threatening Rf5.} Rxf3 32. Rxf3 {Threatens to win with Rf5.} Kh7 33. Rf7 a4 34. Rxc7 axb3 35. axb3 Ra6 36. Kf2 Kg6 37. Nc5 Ra2 38. Rxc6+ Kf7 39. Ke1 Ng3 40. Ra6 Rb2 41. Kd1 Nf1 42. Ne4 Rxb3 43. Ke2 Nxd2 44. Nxd2 Rc3 $2 (44... Rb8 {was necessary.} 45. Ra7+ Kg6) 45. Ne4 Rc1 46. Kd2 Rh1 $2 (46... Rb1 47. c5 Bf8) 47. c5 {[%cal Bc4c5,Bc5c6][%mdl 32]} Rxh3 48. c6 {Precision: White = 86%, Black = 44%.} 1-0

[Event "3rd Kolkata GM Open 2018"]
[Site "Kolkata"]
[Date "2018.05.19"]
[Round "6"]
[White "Neverov, Valeriy"]
[Black "Vaishali R"]
[Result "1-0"]
[WhiteElo "2496"]
[BlackElo "2316"]
[Annotator "TA"]
[PlyCount "27"]
[EventDate "2018.??.??"]
[EventType "swiss"]
[EventCountry "IND"]
[SourceTitle "playchess.com"]
[Source "ChessBase"]
[SourceQuality "1"]

{[%evp 9,11,0,14,-9]} 1. Nf3 Nf6 2. c4 e6 3. g3 a6 4. e3 c5 5. b3 Be7 6. Bb2 {[%mdl 32768] Loss on Time!? A13: Reti-Eröffnung} {Vorgänger:} Nc6 $146 7. Bg2 b5 8. O-O Rb8 9. d3 O-O 10. Qe2 Bb7 11. Rd1 Ba8 12. Nbd2 d6 13. Rac1 Nd7 14. Ne4 {½-½ (14) Erdos,V (2615)-Grigoriants,S (2603) Hungary 2015} 1-0

[Event "3rd Kolkata GM Open 2018"]
[Site "Kolkata"]
[Date "2018.05.19"]
[Round "6"]
[White "Erigaisi Arjun"]
[Black "Nihal Sarin"]
[Result "1/2-1/2"]
[WhiteElo "2488"]
[BlackElo "2551"]
[Annotator "TA"]
[PlyCount "28"]
[EventDate "2018.??.??"]
[EventType "swiss"]
[EventCountry "IND"]
[SourceTitle "playchess.com"]
[Source "ChessBase"]
[SourceQuality "1"]

{[%evp 11,28,8,16,4,19,14,21,0,0,0,0,0,0,0,0,0,0,0,0]} 1. d4 d5 2. c4 c6 3. cxd5 cxd5 4. Bg5 h6 5. Bh4 Qb6 6. Nc3 {[%cal Bb1c3,Bc3d5,Bd5c7][%mdl 32] D10: Damengambit (Slawische Verteidigung)} Qxb2 {LiveBook: 3 Partien. Die Stellung ist ausgeglichen.} 7. Nxd5 {[#] Und Tb1 würde nun gewinnen.} e6 $1 {[%cal Re6d5]} 8. Rb1 ({Nicht} 8. Nc7+ $2 Kd7 $19) 8... Qa3 $1 9. Nc7+ $146 ({Vorgänger:} 9. Qc2 Qa5+ 10. Kd1 Na6 11. e4 Bd7 12. Bxa6 {½-½ (19) Mikhalevski,V (2547)-Laznicka,V (2654) Antalya 2017}) 9... Kd7 10. Nxa8 Bb4+ 11. Rxb4 $1 Qxb4+ 12. Qd2 Qb1+ 13. Qd1 Qb4+ 14. Qd2 Qb1+ 1/2-1/2

[Event "3rd Kolkata GM Open 2018"]
[Site "Kolkata"]
[Date "2018.05.19"]
[Round "6"]
[White "Harsha Bharathakoti"]
[Black "Lalith Babu M R"]
[Result "1/2-1/2"]
[WhiteElo "2463"]
[BlackElo "2531"]
[Annotator "TA"]
[PlyCount "66"]
[EventDate "2018.??.??"]
[EventType "swiss"]
[EventCountry "IND"]
[SourceTitle "playchess.com"]
[Source "ChessBase"]
[SourceQuality "1"]

{[%evp 26,66,73,81,87,70,70,79,65,73,68,80,79,79,80,85,83,79,76,85,212,206,221,68,60,49,44,37,53,0,0,0,0,0,0,0,0,0,0,0,0,0,0]} 1. d4 g6 2. c4 Bg7 3. Nf3 d6 4. g3 Nf6 5. Bg2 O-O 6. Nc3 Nbd7 7. O-O e5 8. e4 exd4 9. Nxd4 Re8 10. h3 Nc5 11. Re1 a5 12. Qc2 Bd7 13. Be3 Qc8 {E68: King's Indian: Fianchetto: 6...Nbd7 7 0-0 e5 8 e4} 14. Kh2 {LiveBook: 6 Games} Ne6 (14... h5 15. Rad1 h4 16. g4 Nh7 17. Qd2 Be6 18. b3 g5 19. Nf3 a4 20. b4 Nd7 21. Nxg5 {0-1 (52) Dehlinger,A (2257)-Naiditsch,A (2706) Deizisau 2013}) 15. Rad1 Nxd4 {White is slightly better.} 16. Bxd4 Bc6 17. Nd5 Bxd5 18. cxd5 Nd7 19. Bxg7 Kxg7 20. Qc3+ Kg8 21. f4 Re7 $146 22. e5 {[%cal Be4e5,Be5e6][%mdl 32]} Qe8 (22... Nc5 $16 {keeps fighting.}) 23. e6 $1 $18 {[%cal Re6d7]} ({Weaker is} 23. Qxc7 Nxe5 24. Qc3 Nd7 $11) 23... Nc5 {[%cal Rf7e6] [#]} 24. h4 $2 ({Only move:} 24. g4 $1 $18) 24... Qf8 $14 25. Bh3 Qg7 26. exf7+ Rxf7 27. Qxg7+ (27. Qd2 $14) 27... Kxg7 $11 {The position is equal.} 28. Re2 h6 {[%cal Bh7h6,Bh6h5][%mdl 32]} 29. Bg4 h5 30. Bh3 Kf8 31. Kg2 Re8 32. Rxe8+ Kxe8 33. Kf3 Kf8 {Precision: White = 71%, Black = 67%.} 1/2-1/2

[Event "3rd Kolkata GM Open 2018"]
[Site "Kolkata"]
[Date "2018.05.19"]
[Round "6"]
[White "Neelotpal, Das"]
[Black "Deepan Chakkravarthy J."]
[Result "0-1"]
[WhiteElo "2452"]
[BlackElo "2516"]
[Annotator "TA"]
[PlyCount "148"]
[EventDate "2018.??.??"]
[EventType "swiss"]
[EventCountry "IND"]
[SourceTitle "playchess.com"]
[Source "ChessBase"]
[SourceQuality "1"]

{[%evp 42,148,114,97,61,51,131,90,256,230,472,422,905,902,870,939,1189,721,794,22,32,32,34,0,0,-29,-29,-29,-27,-29,-25,-26,-29,-27,-25,-26,-25,-22,-22,-151,-150,-145,-157,-131,-86,-86,-79,-87,-74,-106,-107,-120,-116,-138,-97,-97,-97,-181,-112,-190,-182,-161,-74,-74,-75,-75,-75,-83,-92,-113,-101,-607,-621,-621,-621,-614,-614,-614,-614,-614,-614,-2504,-614,-614,-614,-614,-614,-614,-212,-614,-614,-299,-125,-614,-606,-599,-599,-1390,-1237,-29966,-29956,-29978,-29979,-29979,-29980,-29981,-29982,-29986,-29987]} 1. e4 c5 2. Nc3 a6 3. Nge2 d6 4. d4 cxd4 5. Nxd4 Nf6 6. Be2 e6 7. O-O Be7 8. f4 O-O 9. Kh1 Nc6 10. Be3 Qc7 11. a4 Bd7 12. Nb3 b6 13. Bf3 Bc8 14. g4 Bb7 15. g5 Nd7 16. Bg2 Rfe8 17. Rf3 Bf8 {B85: Sicilian Scheveningen: 6 Be2 a6, lines with early Be3} 18. Rh3 g6 19. Qd2 (19. Qe1 Nb4 20. Qf2 Nc5 21. Rf1 d5 22. Bd4 h5 23. gxh6 Kh7 24. Bg7 Bd6 25. e5 {1-0 (62) Ganguly,S (2668)-Pichot,A (2544) Doha 2016}) 19... Rac8 20. Rf1 Nb4 21. Qf2 Bg7 22. Bd4 {LiveBook: 4 Games} Bxd4 23. Nxd4 Nf8 ({Better is} 23... Qd8 $14) 24. Nd1 {[%cal Bc3d1,Bd1e3,Be3g4,Bg4h6][%mdl 32]} e5 $146 (24... Nc6 $16 {was worth a try.}) ({Predecessor:} 24... Nc6 25. Nxc6 Bxc6 {1-0 (43) Alsina Leal,D (2529)-Das,A (2392) Zuerich 2009}) 25. fxe5 $1 $18 dxe5 $2 (25... Rxe5 26. c3 Nc6) 26. Ne3 $1 exd4 (26... Ne6 $142 27. Nxe6 Rxe6) 27. Ng4 f5 28. gxf6 {White wants to mate with f7+.} Kf7 29. Nh6+ Ke6 {[#]} 30. Rc3 $2 (30. Rd3 $1 $18 {[%mdl 512]} Bxe4 (30... Nxd3 31. Bh3+) 31. Re1 (31. Bxe4 Nxd3 32. Bxd3 Qb7+ 33. Kg1 Rc5 $16)) 30... dxc3 $11 31. Qd4 {[%cal Rg2h3] [#]} Nd5 $1 32. exd5+ Kd7 33. Nf7 Re2 $1 {White must now prevent ...Ke8.} 34. Qg4+ Ke8 35. Qxe2+ Kxf7 36. Qe7+ $1 Qxe7 37. fxe7+ Kxe7 {[#]} 38. d6+ $1 {[%mdl 512]} Kxd6 39. Bxb7 {[%mdl 4096] Endgame KRB-KRN} Rc7 40. Bxa6 (40. Rd1+ $1 $11 Ke5 41. Re1+ Kd6 42. Bxa6) 40... cxb2 $17 41. Bd3 {[#]} b5 $1 {[%cal Rb5a4][%mdl 512]} 42. a5 (42. axb5 Ra7) 42... Ra7 43. Rb1 Rxa5 44. Rxb2 Kc5 $1 45. Rb1 Ne6 46. Rf1 Ra7 47. Rf6 Re7 48. h4 b4 49. h5 (49. Kg1 $17) 49... g5 (49... gxh5 $19 50. Rh6 Nf4) 50. h6 (50. Rh6 $17 {might work better.}) 50... Nf4 $19 51. Bf5 Nh5 (51... Kd4 $19 {and Black stays clearly on top. Threatens to win with ...Ke5.} 52. Rc6 Nd5) 52. Rf8 $17 Ng3+ 53. Kg2 Nxf5 54. Rxf5+ {KR-KR} Kd4 55. Rxg5 Re6 56. Rb5 $2 {[%mdl 8192]} (56. Rh5 $17) 56... Kc4 $1 $19 {[%cal Rc4b5]} 57. Rb7 Rxh6 58. Kf3 Rc6 59. Ke2 Kc3 60. Kd1 h5 $1 61. Rb5 Rh6 (61... Rg6 $142 62. Rc5+ Kb2) 62. Rd5 h4 {And now ...h3 would win.} 63. Rd3+ Kc4 {Hoping for ...h3.} 64. Rh3 {[#]} Rd6+ $1 65. Kc1 $2 (65. Ke1) 65... Rd4 66. Kb2 Rf4 (66... Rg4 $19 {is more deadly. aiming for ...Kd4.} 67. Re3 Kd4) 67. Kc1 $2 {[%mdl 8192]} (67. Rd3 $17) 67... Kd4 68. Kd2 Ke4 69. Ke2 Kf5 70. Rb3 Kg4 {Black mates.} 71. c3 bxc3 72. Rxc3 h3 {[%cal Bh4h3,Bh3h2][%mdl 32]} 73. Rc8 h2 74. Rh8 {[#]} Kg3 $1 {Precision: White = 37%, Black = 56%.} 0-1

[Event "3rd Kolkata GM Open 2018"]
[Site "Kolkata"]
[Date "2018.05.19"]
[Round "6"]
[White "Sundararajan, Kidambi"]
[Black "Nandhidhaa, PV."]
[Result "1-0"]
[WhiteElo "2434"]
[BlackElo "2271"]
[Annotator "TA"]
[PlyCount "131"]
[EventDate "2018.??.??"]
[EventType "swiss"]
[EventCountry "IND"]
[SourceTitle "playchess.com"]
[Source "ChessBase"]
[SourceQuality "1"]

{[%evp 21,131,32,30,-2,53,43,68,82,79,43,46,35,42,62,71,76,69,0,7,0,0,0,6,7,18,26,16,17,25,33,20,20,103,93,67,87,66,71,85,14,7,0,0,0,0,0,0,0,0,0,0,0,0,0,0,0,28,22,22,32,33,43,41,6,6,0,0,0,29969,29966,29965,271,271,271,271,271,271,271,271,271,271,271,271,271,271,214,271,271,271,271,271,271,271,271,271,271,271,197,315,315,315,315,315,315,315,315,315,315,315,315,29985,29986]} 1. Nf3 Nf6 2. g3 d5 3. Bg2 c6 4. O-O Bf5 5. d3 h6 6. c4 e6 7. cxd5 exd5 8. Nc3 Be7 9. Nd4 {A11: Reti-Eröffnung} Bh7 10. e4 O-O 11. Re1 Na6 {LiveBook: 6 Partien} 12. a3 (12. e5 Nd7 13. Bh3 Kh8 14. a3 Nac5 15. Bf5 a5 16. Bxh7 Kxh7 {1-0 (41) Karthikeyan,M (2578)-Deepan Chakkravarthy,J (2477) Patna 2017}) 12... Nc7 $146 (12... Bc5 $11 13. Be3 Bb6) ({Vorgänger:} 12... Re8 13. exd5 Nxd5 14. Nxd5 cxd5 15. b4 Qd7 16. Bb2 Bf6 {½-½ (25) Kevicky,M (2354)-Shaw,S (2398) ICCF email 2010}) 13. Bf4 $14 c5 14. Bxc7 Qxc7 15. Ndb5 (15. e5 $5 {[%cal Re5f6]} cxd4 16. exf6 Bxf6 17. Nxd5 $16) 15... Qd7 16. e5 d4 $1 17. exf6 Bxf6 18. Nd5 Qxb5 19. Nxf6+ (19. Nc7 $1 $14 Qxd3 20. Nxa8 Rxa8 21. Qxd3 Bxd3 22. Rac1) 19... gxf6 $11 20. Qg4+ Bg6 21. Be4 h5 22. Qf3 $36 {[%mdl 2048] Weiss kämpft um Vorteil.} Kg7 ({Falsch wäre} 22... Qxb2 $2 23. Bxg6 fxg6 24. Qe4 $18) 23. Bxg6 fxg6 24. Re7+ Rf7 25. Rxf7+ Kxf7 {[%mdl 4096] Endspiel KDT-KDT} 26. Qd5+ Kg7 (26... Kf8 $1 $11 {bleibt in der Remisbreite.}) 27. Re1 $16 {Te7+ ist eine echte Drohung.} Re8 ({Jedoch nicht} 27... Qxb2 $2 28. Re7+ Kh8 29. Qf7 $18) 28. Rxe8 Qxe8 29. Qxc5 $14 {KD-KD} Qa4 30. Kg2 ({Lieber} 30. Qc7+ $16 Kh6 31. Qd8) 30... Qd7 $11 31. h3 b6 32. Qc4 g5 33. b4 b5 34. Qc5 Kg6 35. Kh2 Kg7 36. Kg2 Kg6 37. Kh2 Kg7 38. h4 gxh4 39. Qxh5 hxg3+ 40. Kxg3 Qd6+ 41. Kh3 Qe6+ 42. Qg4+ (42. Kh4 {is more complex.} Qd6 43. Qf3 Kf7 44. Kg4 a6 45. Qb7+) 42... Kf7 43. Qxe6+ Kxe6 {KB-KB} 44. Kg3 Ke5 $2 {[%mdl 8192] [#]} (44... Kf5 $11) 45. Kg4 $1 a6 46. Kg3 $2 (46. f3 {setzt Matt} Ke6 47. Kf4 Ke7 48. Kf5 Kf7 49. Ke4 Kg6 50. Kxd4 Kf5 51. Kc5) 46... f5 $18 47. Kf3 Ke6 48. Kf4 {Droht stark Kg5.} Kf6 49. f3 Kg6 50. Ke5 Kg5 51. Kxd4 Kf4 {[#]} 52. Kc5 $1 {Droht d4 und aus.} Kxf3 {K3B-K3B} 53. d4 Ke4 54. d5 f4 55. d6 {Schwarz muss nun d7 beachten.} f3 56. d7 f2 57. d8=Q f1=Q {KD-KD} 58. Qd4+ Kf5 {beabsichtigt ...Dc1+.} 59. Qd5+ Kf6 (59... Kg4 $142) 60. Kb6 Qh3 61. Qd6+ ({Viel schwächer ist} 61. Kxa6 Qxa3+ 62. Kxb5 Kg6 $18) 61... Kf7 62. Kxa6 Qxa3+ 63. Kxb5 Ke8 64. Kb6 {zielt auf Db8+ ab.} Qe3+ 65. Qc5 Qf4 $2 (65... Qb3 $18 66. Qc6+ Kd8 67. Qf6+ Kd7 68. Qd4+ Kc8 69. Qc5+ Kd8 70. Qd6+ Ke8) 66. Qc8+ {Precision: Weiß = 74%, Schwarz = 62%.} 1-0

[Event "3rd Kolkata GM Open 2018"]
[Site "Kolkata"]
[Date "2018.05.19"]
[Round "6"]
[White "Nitin, S.."]
[Black "Patil, Pratik"]
[Result "1-0"]
[WhiteElo "2432"]
[BlackElo "2259"]
[Annotator "TA"]
[PlyCount "95"]
[EventDate "2018.??.??"]
[EventType "swiss"]
[EventCountry "IND"]
[SourceTitle "playchess.com"]
[Source "ChessBase"]
[SourceQuality "1"]

{[%evp 18,95,27,30,28,35,54,46,54,49,35,30,40,28,66,31,50,21,30,16,20,0,0,0,10,0,0,0,0,0,0,0,53,53,54,50,54,46,72,74,73,67,79,87,92,90,90,90,86,84,87,83,100,100,110,100,195,191,210,211,179,150,527,638,621,676,668,639,654,647,624,426,1642,1575,1589,1581,2010,2000,2107,2078]} 1. e4 e5 2. Nf3 Nc6 3. Nc3 Nf6 4. Bb5 Bb4 5. O-O O-O 6. d3 d6 7. Bg5 Bxc3 8. bxc3 Ne7 9. Nh4 Ne8 {C49: Vierspringerspiel (Symmetrische Variante)} 10. Bc4 {LiveBook: 6 Partien} Be6 11. Bb3 $146 ({Vorgänger:} 11. Bxe6 fxe6 12. Qg4 Qd7 13. f4 exf4 14. Rxf4 Rxf4 15. Qxf4 Nf6 16. Bxf6 Rf8 17. Qe3 Rxf6 18. Qxa7 {½-½ (31) Wei,Y (2727)-Zeng,C (2536) China 2017}) 11... Bxb3 {Weiß steht etwas besser.} 12. axb3 f6 13. Bd2 d5 14. exd5 Qxd5 15. c4 Qd4 16. Nf3 Qd7 17. b4 Nd6 18. Qe2 a6 19. c5 Ndf5 20. Qe4 c6 21. Rfe1 Rad8 22. Rad1 Rfe8 23. Bc3 Qd5 24. Bb2 Qxe4 ({Besser ist} 24... Qd7 $11) 25. dxe4 $14 Nh6 26. Nd2 Nf7 27. Nc4 Nc8 28. g3 Kf8 29. Kg2 Rxd1 30. Rxd1 Re7 31. Kf3 Ke8 32. Ke3 Rd7 33. Rf1 Na7 34. f4 exf4+ 35. gxf4 Ke7 36. Rg1 g6 (36... Kf8 $16) 37. h4 $18 {[%cal Bh2h4,Bh4h5][%mdl 32]} Nb5 38. h5 g5 39. Rf1 $36 {[%mdl 2048] Schwarz steht unter starkem Druck.} Nc7 $2 {[#]} (39... gxf4+ $16 40. Rxf4 Rd1 41. Bxf6+ Ke6) 40. fxg5 $1 {Weiß steht klar auf Gewinn.} fxg5 41. Nb6 Rd8 42. Bf6+ Ke8 43. Bxd8 Nxd8 44. Nc4 Nf7 (44... Ke7 $142 45. Rf5 Nce6) 45. Nd6+ Nxd6 46. cxd6 Ne6 47. Rf6 Kd7 48. e5 {Precision: Weiß = 69%, Schwarz = 46%.} 1-0

[Event "3rd Kolkata GM Open 2018"]
[Site "Kolkata"]
[Date "2018.05.19"]
[Round "6"]
[White "Ravi, Teja S."]
[Black "Swapnil, S. Dhopade"]
[Result "1-0"]
[WhiteElo "2338"]
[BlackElo "2505"]
[Annotator "TA"]
[PlyCount "67"]
[EventDate "2018.??.??"]
[EventType "swiss"]
[EventCountry "IND"]
[SourceTitle "playchess.com"]
[Source "ChessBase"]
[SourceQuality "1"]

{[%evp 17,67,0,0,0,0,-4,-3,-12,-9,-11,-11,-13,0,-16,-20,-25,0,-40,-29,-35,-28,-37,0,-11,10,-30,0,-20,-20,-20,-17,-37,-27,-43,-36,-37,-18,-32,-22,-46,-34,-41,-27,-35,-31,-39,0,-18,-14,-31,-28,-27]} 1. d4 Nf6 2. Bf4 d5 3. e3 e6 4. Nf3 c5 5. c3 Bd6 6. Bb5+ Nc6 7. Bxd6 Qxd6 8. Nbd2 O-O 9. O-O b6 {LiveBook: 3 Games. D02: 1 d4 d5 2 Nf3 sidelines, including 2...Nf6 3 g3 and 2...Nf6 3 Bf4} 10. a4 $1 Bb7 11. Bxc6 Bxc6 {The position is equal.} 12. Ne5 Nd7 13. Nxc6 Qxc6 14. Nf3 $146 ({Predecessor:} 14. a5 Rfb8 15. axb6 Rxb6 16. Qc2 cxd4 17. exd4 {0-1 (29) Coste,R (1875)-Inkiov,V (2446) Saint Affrique 2008}) 14... Rfe8 15. a5 c4 16. Ne1 Reb8 17. axb6 Rxb6 18. Ra2 Qb7 19. Qa1 Nb8 {[%cal Bd7b8,Bb8c6,Bc6e7,Be7c8,Bc8d6,Bd6e4][%mdl 32]} 20. Nf3 {[%cal Be1f3,Bf3e5,Be5g4,Bg4h2,Bh2f1][%mdl 32]} Nc6 21. Rc1 (21. e4 $5) 21... a5 22. Rc2 Rb5 23. h3 Ne7 24. Qe1 Nc8 25. Ne5 f6 26. Ng4 h5 27. Nh2 Nd6 28. Qd1 Qf7 29. Nf1 Rab8 30. Re2 Qg6 31. Qa1 Ne4 32. Qb1 {[#] Threatens to win with f3.} Qf7 33. Qc1 h4 34. f3 {[%mdl 32768] Precision: White = 42%, Black = 50%. . Loss on Time!?} 1-0

[Event "3rd Kolkata GM Open 2018"]
[Site "Kolkata"]
[Date "2018.05.19"]
[Round "6"]
[White "Kunal, M.."]
[Black "Nguyen, Van Huy"]
[Result "0-1"]
[WhiteElo "2295"]
[BlackElo "2462"]
[Annotator "TA"]
[PlyCount "66"]
[EventDate "2018.??.??"]
[EventType "swiss"]
[EventCountry "IND"]
[SourceTitle "playchess.com"]
[Source "ChessBase"]
[SourceQuality "1"]

{[%evp 17,66,19,24,17,43,29,43,22,35,17,6,0,0,8,17,-34,-28,-39,0,-34,-28,-97,-112,-104,-118,-140,-131,-123,-122,-124,-130,-124,-133,-125,-110,-187,-177,-171,-185,-186,-166,-273,-162,-668,-663,-1064,-1066,-1036,-1003,-1012,-998]} 1. e4 c6 2. d4 d5 3. e5 Bf5 4. Nd2 e6 5. Nb3 Nd7 6. Nf3 Ne7 {[%cal Bg8e7,Be7c8,Bc8b6,Bb6c4][%mdl 32] B12: Caro-Kann (Vorstoß-Variante)} (6... a6 7. Be2 c5 8. c3 h6 9. dxc5 Bxc5 10. Nxc5 Nxc5 11. Be3 Nd7 12. Nd4 Ne7 13. f4 Be4 14. O-O {½-½ (50) Carlsen,M (2843)-Navara,D (2745) Shamkir 2018}) 7. Be2 Nc8 8. O-O Be7 9. Ne1 Ncb6 {LiveBook: 3 Partien} 10. Nd3 Qc7 $146 ({Vorgänger:} 10... Nc4 11. Nf4 O-O 12. a4 c5 13. Bd3 Bg6 14. Nxg6 hxg6 {0-1 (46) Gomez,J (2474)-Nguyen,V (2442) Chengdu 2017}) 11. a4 Nc4 12. g4 Bxd3 13. cxd3 Na5 14. Be3 Nxb3 15. Qxb3 Qb6 16. Qc3 (16. Qxb6 $11 axb6 17. f4) 16... a5 $15 17. f4 O-O 18. Rf3 Bb4 $36 {[%mdl 2048] Schwarz steht aktiver.} 19. Qc1 (19. Qc2 $11) 19... c5 $17 20. dxc5 Bxc5 21. Qd2 {Die Idee ist d4.} Bxe3+ 22. Qxe3 Qxb2 23. Rff1 d4 24. Qf3 Rac8 25. Rab1 Qc3 26. Rxb7 (26. Qxb7 $17 {ist eine bessere Verteidigung.} Qd2 27. Qf3) 26... Nc5 $19 {[%cal Bd7c5,Bc5a4,Ba4c3,Bc3d1][%mdl 32]} 27. Rb5 Nxa4 28. f5 Qd2 {[#] Weiss muss nun ...Sc3 beachten.} 29. f6 (29. Rf2 $142) 29... g6 (29... gxf6 $142 30. Rd1 Qg5) 30. Rxa5 $2 (30. Rd1 Qg5 31. Rxa5) 30... Nc3 {Schwarz steht klar auf Gewinn.} (30... Qxa5 $2 31. Qf4 $19) 31. Bd1 Nxd1 32. Rxd1 Qxa5 33. Qf4 Kh8 {Precision: Weiß = 32%, Schwarz = 55%.} 0-1